000 00516nam a2200181Ia 4500
005 20250508161753.0
008 008 250505s9999 xx 000 0 eng d
037 _aTextual
040 _aFEDL
_beng
_cFEDL
041 _aeng
_2eng
084 _a973.3, LIB
_qFEDL
245 0 _aFundamental testaments of the American revolution
245 0 _cLibrary of Congress. Symposia on the American Revolution
260 _c1975
300 _a119p
942 _cTEXL
_h973.3, LIB
999 _c1372089
_d1372089